| 000 | 00646nam a22001337a 4500 | ||
|---|---|---|---|
| 040 | _cRUA | ||
| 082 | _aAGR HEA 2021 B1-570 Or. | ||
| 100 | _aHEANG BAKKCHHOUNG ហ៊ាង បាក់ឈូង | ||
| 245 | _aCOMPARISON OF DIFFERENT RATES OF SEMI-ORGANIC 5-5-5 FERTILIZER ON LETTUCE (Lactuca sativa L.) ប្រៀបធៀបកម្រិតជីពាក់កណ្តាលសរីរាង្គ ៥-៥-៥ លើដំណាំំសាលាដ | ||
| 260 |
_aPHNOM PENH _bRUA _c2021 |
||
| 300 |
_aIX. 38P _bVII. _c29CM |
||
| 856 | _uhttps://drive.google.com/file/d/1ok1bIfdedL4hc8DNP5JJ4rWFtUN1WLEb/view?usp=sharing | ||
| 942 | _cAGR | ||
| 999 |
_c22731 _d22731 |
||